000 00562nam a2200181Ia 4500
008 151202s9999||||xx |||||||||||||| ||und||
082 _bPNVM-32900
100 _aआपटे ह.ना
245 _aयशवंतराव खरे.
260 _b"आर्यभूषण मुद्रणालय,पुणे."
260 _c1967
300 _a326
600 _aआपटे ह.ना
630 _aयशवंतराव खरे.
700 _aआपटे ह.ना
730 _aयशवंतराव खरे.
942 _cBOOK
999 _c1298861
_d1298858